LEADER 01290nam--2200373---450 001 990006159670203316 005 20200526190953.0 010 $a978-88-579-0145-9 035 $a000615967 035 $aUSA01000615967 035 $a(ALEPH)000615967USA01 035 $a000615967 100 $a20160708d2012----km-y0itay50------ba 101 $aita$beng 102 $aIT 105 $aa---||||001yy 200 1 $a<> futuro del disegno con il BIM per ingegneri e architetti$dthe future of drawing with BIM for engineers and architects$fAnna Osello 210 $a[Palermo]$cD. Flaccovio$d2012 215 $a323 p.$cill.$d21 cm 510 1$a<> future of drawing with BIM for engineers and architects 606 0 $aProgettazione architettonica$2BNCF 606 0 $aElaboratori$xImpiego [in] Architettura$2BNCF 676 $a721.02855369 700 1$aOSELLO,$bAnna$0630570 801 0$aIT$bsalbc$gISBD 912 $a990006159670203316 951 $a721.028 OSE$b1389 Crd.$c721.028$d00331382 951 $a721.028 OSE 1$b23929 Ing.$c721.028$d00336248 959 $aBK 969 $aCRD 979 $aPAOLA$b90$c20160708$lUSA01$h1406 979 $aPAOLA$b90$c20160708$lUSA01$h1408 996 $aFuturo del disegno con il BIM per ingegneri e architetti$91393023 997 $aUNISA LEADER 01640cam0-22003851i-450 001 990007057270403321 005 20260317105414.0 035 $aFED01000705727 100 $a20020306g19671978km-y0itay50------ba 101 0 $aita 102 $aIT 105 $aa-------001yy 200 1 $aEpigrafia greca$fMargherita Guarducci 210 $aRoma$cIstituto Poligrafico dello Stato$d1967-1978 215 $a4 v.$cill.$d27 cm 300 $aNell'occhietto: Sotto gli auspici del Consiglio Nazionale delle Ricerche 307 $a1.: X, 578 p. ; 2.: IX, 768 p. ; 3.: IX, 611 p. ; 4.: X, 601 p. 327 1 $a1.: Caratteri e storia della disciplina : la scrittura greca dalle origini all'eta imperiale. - 1967$a2.: Epigrafi di carattere pubblico. - 1970$a3.: Epigrafi di carattere privato. - 1974$a4.: Epigrafi sacre pagane e cristiane. - 1978 610 0 $aEpigrafia greca 676 $a411.7$v20$zita 676 $a481$v20$zita 700 1$aGuarducci,$bMargherita$f<1902-1999>$0152061 801 0$aIT$bUNINA$gRICA$2UNIMARC 901 $aBK 912 $a990007057270403321 952 $aXXI A 623$b84107/88806/105171$fFGBC 952 $aP2B-100-GUARDUCCI M.(1)-1967$bs.i.$fFLFBC$mBRAU-28172 952 $aP2B-100-GUARDUCCI M.(2)-1970$bIst.St.Ant.gr.rom. 106$fFLFBC$mBRAU-28173 952 $aP2B-100-GUARDUCCI M.(3)-1975$bIst.St.Ant.gr.rom. 2119$fFLFBC$mBRAU-28174 952 $aP2B-100-GUARDUCCI M.(4)-1978$bIst.St.Ant.gr.rom. 3057$fFLFBC$mBRAU-28175 952 $aP2B-100-GUARDUCCI M.(4)-1978 bis$bIst.Archeol. s. i.$fFLFBC$mBRAU-28178 959 $aFGBC 959 $aFLFBC 996 $aEpigrafia greca$988826 997 $aUNINA